01009cac a22002415a 450000500170000000800410001702000150005802000180007304000380009108200170012910000320014624500510017825000120022926000430024130000350028450400530031965000510037265300310042394200200045499900150047495201390048995201390062820201128013403.0171224t2007 njua frb 001 0 eng d a0471794686 a9780471794684 aEG-ScBUEbengcEG-ScBUEdEG-ScBUE04a337bSAL2221 aSalvatore, Dominick.93029610aInternational economics /cDominick Salvatore. a9th ed. aHoboken :bJohn Wiley & Sons,cc.2007. axxvi, 838 p. :bill. ;c24 cm. aIncludes bibliographical references and indexes. 7aInternational economic relations.2BUEsh93036 bGGENbBUSECOcDecember2017 cBBk337SAL2ddc c8700d8700 00102ddc4070aMAINbMAINc1STd2016-03-08ePurchaseg180.00l5m15o337 SALp000010567r2025-07-15 00:00:00s2016-12-07v225.00yBB 00102ddc4070aMAINbMAINc1STd2008-03-18ePurchaseg180.00l1m13o337 SALp000029198r2025-07-15 00:00:00s2014-11-15v225.00yBB